[Event "43. Olimpiada Batumi 2018 Femenina"]
[Site "Batumi GEO"]
[Date "2018.10.03"]
[Round "9.1"]
[White "Jambo, Linda"]
[Black "Pires, Luzia"]
[Result "0-1"]
[WhiteElo "1482"]
[BlackElo "1729"]
[PlyCount "88"]
[EventDate "2018.09.24"]
[EventType "team-swiss"]
[EventRounds "11"]
[EventCountry "GEO"]
[SourceTitle "Ajedrez en Madrid"]
[Source "lmi"]
[SourceDate "2018.09.24"]
[WhiteTeam "Malawi"]
[BlackTeam "Angola"]
[WhiteTeamCountry "MWI"]
[BlackTeamCountry "ANG"]

1. e4 c5 2. Nf3 d6 3. h3 a6 4. b3 Nf6 5. Nc3 g6 6. Bb2 Bg7 7. Rb1 O-O 8. Be2
Nc6 9. O-O Nd4 10. d3 Nc6 11. Re1 Nd7 12. Qc1 Nde5 13. Nxe5 Bxe5 14. Nd1 Qa5
15. Rf1 Nd4 16. Bxd4 Bxd4 17. a4 Bd7 18. Ne3 Bc6 19. Nc4 Qc7 20. Qf4 f5 21.
exf5 Rxf5 22. Qg3 Raf8 23. Ne3 Be5 24. Qh4 Rf4 25. Bg4 Kg7 26. f3 h5 27. Qe1
hxg4 28. Nxg4 Bd4+ 29. Kh1 Rh8 30. Qg3 Rf5 31. Rbe1 Qd7 32. Re2 Bf6 33. Rfe1
Bh4 34. Rxe7+ Bxe7 35. Qh2 Bf6 36. Nxf6 Kxf6 37. Qg3 Re8 38. Qh4+ Kg7 39. Rxe8
Qxe8 40. Qg3 Re5 41. c3 Re1+ 42. Kh2 Qe5 43. Qxe5+ dxe5 44. Kg3 Re3 0-1

[Event "43. Olimpiada Batumi 2018 Femenina"]
[Site "Batumi GEO"]
[Date "2018.10.03"]
[Round "9.2"]
[White "Junior, Ednasia"]
[Black "Nkhoma, Desiderata"]
[Result "1-0"]
[WhiteElo "1725"]
[BlackElo "1502"]
[PlyCount "129"]
[EventDate "2018.09.24"]
[EventType "team-swiss"]
[EventRounds "11"]
[EventCountry "GEO"]
[SourceTitle "Ajedrez en Madrid"]
[Source "lmi"]
[SourceDate "2018.09.24"]
[WhiteTeam "Angola"]
[BlackTeam "Malawi"]
[WhiteTeamCountry "ANG"]
[BlackTeamCountry "MWI"]

1. e4 e5 2. Nf3 Nc6 3. Bc4 Be7 4. O-O Nf6 5. Nc3 O-O 6. a3 h6 7. h3 b6 8. d3
Bb7 9. Nh2 Nd4 10. f4 exf4 11. Bxf4 Bc5 12. Kh1 Ne6 13. Bd2 Nh7 14. Ne2 Neg5
15. Nf4 Kh8 16. Bc3 Ne6 17. Ng4 Nxf4 18. Rxf4 f6 19. Qd2 d5 20. exd5 Bxd5 21.
Bxd5 Qxd5 22. Raf1 Qg5 23. Qd1 Bd6 24. Rf5 Qg6 25. Qe1 h5 26. Nh2 Bg3 27. Qd1
Ng5 28. Be1 h4 29. Qg4 Bxe1 30. Rxe1 Kg8 31. Rf4 Rae8 32. Qxh4 Qf7 33. Rff1
Rxe1 34. Rxe1 Qa2 35. Qc4+ Qxc4 36. dxc4 Kf7 37. Nf3 Nxf3 38. gxf3 Rd8 39. Re2
c5 40. Kg2 a5 41. a4 Rd6 42. Kg3 g5 43. b3 Rd1 44. f4 Rd6 45. f5 Kf8 46. Kg4
Rd4+ 47. Kg3 Rd6 48. h4 gxh4+ 49. Kxh4 Kf7 50. Kg4 Rd4+ 51. Kf3 Rd6 52. Re3 Kf8
53. Rd3 Rxd3+ 54. cxd3 Ke7 55. Kg4 Kd6 56. Kh5 Kd7 57. Kg6 Ke7 58. Kg7 Ke8 59.
Kxf6 Kf8 60. Ke6 Ke8 61. f6 Kf8 62. f7 b5 63. axb5 a4 64. bxa4 Kg7 65. Ke7 1-0

[Event "43. Olimpiada Batumi 2018 Femenina"]
[Site "Batumi GEO"]
[Date "2018.10.03"]
[Round "9.3"]
[White "Simwaba, Anne"]
[Black "Gabriel, Irineia G"]
[Result "0-1"]
[WhiteElo "1206"]
[BlackElo "1652"]
[PlyCount "76"]
[EventDate "2018.09.24"]
[EventType "team-swiss"]
[EventRounds "11"]
[EventCountry "GEO"]
[SourceTitle "Ajedrez en Madrid"]
[Source "lmi"]
[SourceDate "2018.09.24"]
[WhiteTeam "Malawi"]
[BlackTeam "Angola"]
[WhiteTeamCountry "MWI"]
[BlackTeamCountry "ANG"]

1. e4 g6 2. Nf3 Bg7 3. d4 d6 4. h3 a6 5. Nc3 b5 6. a3 Nd7 7. Be3 Bb7 8. Be2 e6
9. O-O Ne7 10. Rb1 h6 11. Qd3 O-O 12. Nh2 f5 13. f4 Nf6 14. e5 dxe5 15. fxe5
Nfd5 16. Nxd5 Bxd5 17. b3 Be4 18. Qd2 g5 19. Bf3 Bxf3 20. Rxf3 f4 21. Bf2 Nf5
22. c4 bxc4 23. bxc4 Bxe5 24. d5 exd5 25. Qxd5+ Qxd5 26. cxd5 Bd6 27. a4 Rab8
28. Rxb8 Rxb8 29. Be1 Rb1 30. Kf2 Bc5+ 31. Kf1 Ng3+ 32. Rxg3 fxg3 33. Nf3 Bf2
34. Ke2 Bxe1 35. Nxe1 Ra1 36. Nf3 Rxa4 37. Ke3 Ra2 38. Ne1 Rf2 0-1

[Event "43. Olimpiada Batumi 2018 Femenina"]
[Site "Batumi GEO"]
[Date "2018.10.03"]
[Round "9.4"]
[White "Joao, Delfina"]
[Black "Ngugama, Magret"]
[Result "1-0"]
[WhiteElo "1556"]
[BlackElo "1306"]
[PlyCount "91"]
[EventDate "2018.09.24"]
[EventType "team-swiss"]
[EventRounds "11"]
[EventCountry "GEO"]
[SourceTitle "Ajedrez en Madrid"]
[Source "lmi"]
[SourceDate "2018.09.24"]
[WhiteTeam "Angola"]
[BlackTeam "Malawi"]
[WhiteTeamCountry "ANG"]
[BlackTeamCountry "MWI"]

1. e4 e5 2. Nf3 Nc6 3. Bb5 a6 4. Bxc6 dxc6 5. O-O Bg4 6. h3 Bh5 7. d3 Bd6 8.
Be3 Qd7 9. c3 O-O-O 10. Nxe5 Bxd1 11. Nxd7 Bc2 12. Nc5 Bxc5 13. Bxc5 Rxd3 14.
f3 Nf6 15. Na3 Rd2 16. Rf2 Rhd8 17. Bd4 Rd1+ 18. Rxd1 Bxd1 19. Rf1 Be2 20. Re1
Bb5 21. Bxf6 gxf6 22. c4 Ba4 23. Kf2 c5 24. Ke2 Bc6 25. Rd1 Re8 26. Kf2 Re5 27.
Nc2 f5 28. exf5 Rxf5 29. Ne3 Rf4 30. b3 Bd7 31. Rd5 b6 32. Rh5 Rd4 33. Ke2 Be6
34. Rxh7 c6 35. Rh5 Rd8 36. Nf5 Kc7 37. Ng7 Kd7 38. Nxe6 Re8 39. Rh6 fxe6 40.
Rh7+ Kc8 41. g4 Rg8 42. h4 Kb8 43. h5 Rg5 44. Re7 e5 45. h6 Rg6 46. h7 1-0

[Event "43. Olimpiada Batumi 2018 Femenina"]
[Site "Batumi GEO"]
[Date "2018.10.03"]
[Round "9.1"]
[White "Magne, Kouokam Sylviane"]
[Black "Kovacova, Zuzana"]
[Result "0-1"]
[WhiteElo "1308"]
[BlackElo "2079"]
[PlyCount "102"]
[EventDate "2018.09.24"]
[EventType "team-swiss"]
[EventRounds "11"]
[EventCountry "GEO"]
[SourceTitle "Ajedrez en Madrid"]
[Source "lmi"]
[SourceDate "2018.09.24"]
[WhiteTeam "Cameroon"]
[BlackTeam "Bermuda"]
[WhiteTeamCountry "CAM"]
[BlackTeamCountry "BER"]

1. d4 d5 2. c4 dxc4 3. e4 Nf6 4. Nc3 e5 5. Nf3 exd4 6. Qxd4 Qxd4 7. Nxd4 Bc5 8.
Ndb5 Na6 9. Bxc4 O-O 10. O-O c6 11. Na3 b5 12. Bd3 b4 13. Na4 bxa3 14. Bxa6
Bxa6 15. Nxc5 Bxf1 16. Kxf1 Rfd8 17. Ke2 axb2 18. Bxb2 Nd7 19. Nd3 Rab8 20. Be5
Nxe5 21. Nxe5 Rb2+ 22. Ke3 c5 23. a4 f6 24. Nc6 Rd7 25. Rc1 Rc7 26. Nd8 Rb6 27.
f4 Rd6 28. Nb7 Rxb7 29. Rxc5 Rb3+ 30. Ke2 Rd7 31. a5 Re7 32. e5 Ra3 33. Rd5 Kf7
34. g4 fxe5 35. fxe5 Rb7 36. Rd2 Rxa5 37. Kf3 Rxe5 38. Kf4 Rc5 39. Rf2 Rb4+ 40.
Ke3+ Kg6 41. Ra2 a5 42. Rd2 Rc3+ 43. Ke2 Rxg4 44. Rd6+ Kf7 45. Ra6 Rg2+ 46. Kd1
Ra3 47. Rc6 Ra1+ 48. Rc1 Rg1+ 49. Kd2 Raxc1 50. h3 Rc4 51. Kd3 Rb4 0-1

[Event "43. Olimpiada Batumi 2018 Femenina"]
[Site "Batumi GEO"]
[Date "2018.10.03"]
[Round "9.1"]
[White "Gemota, Joan"]
[Black "Esse, Akua Kosife"]
[Result "1-0"]
[WhiteElo "1346"]
[BlackElo "1355"]
[PlyCount "83"]
[EventDate "2018.09.24"]
[EventType "team-swiss"]
[EventRounds "11"]
[EventCountry "GEO"]
[SourceTitle "Ajedrez en Madrid"]
[Source "lmi"]
[SourceDate "2018.09.24"]
[WhiteTeam "Palau"]
[BlackTeam "Togo"]
[WhiteTeamCountry "PAL"]
[BlackTeamCountry "TOG"]

1. e4 e6 2. Nf3 d5 3. e5 c5 4. b3 g6 5. Bb2 Bg7 6. Bb5+ Nd7 7. O-O a6 8. Bd3
Ne7 9. a4 O-O 10. Re1 Nc6 11. c4 d4 12. Ba3 b6 13. Bc2 Ndxe5 14. Be4 Bb7 15. b4
Nxc4 16. b5 N6a5 17. Bxb7 Nxb7 18. d3 Nxa3 19. Nxa3 Re8 20. h4 Qd5 21. Nc4 Qd8
22. g3 Nd6 23. Nce5 axb5 24. Qd2 Qf6 25. Kg2 Nf5 26. Ng4 Qd8 27. Nge5 Bh6 28.
Qd1 Qd5 29. Ng4 Kg7 30. Nxh6 Nxh6 31. Kg1 b4 32. Re5 Qc6 33. h5 Rf8 34. Qc1
Qxf3 35. a5 bxa5 36. Qxc5 Ng4 37. Qxd4 Nxe5 38. Qxe5+ Qf6 39. h6+ Kxh6 40. Qxf6
b3 41. Kg2 a4 42. Rh1# 1-0

[Event "43. Olimpiada Batumi 2018 Femenina"]
[Site "Batumi GEO"]
[Date "2018.10.03"]
[Round "9.3"]
[White "Nihaya, Ahmed"]
[Black "Ebrahim, Zahabiyah"]
[Result "1-0"]
[WhiteElo "1117"]
[BlackElo "1217"]
[PlyCount "37"]
[EventDate "2018.09.24"]
[EventType "team-swiss"]
[EventRounds "11"]
[EventCountry "GEO"]
[SourceTitle "Ajedrez en Madrid"]
[Source "lmi"]
[SourceDate "2018.09.24"]
[WhiteTeam "Maldives"]
[BlackTeam "Tanzania"]
[WhiteTeamCountry "MDV"]
[BlackTeamCountry "TAN"]

1. d4 d5 2. c4 c6 3. Nc3 Nf6 4. Nf3 Nbd7 5. Bf4 e6 6. e3 Be7 7. Bd3 O-O 8. c5
b6 9. b4 bxc5 10. bxc5 Qa5 11. Qc2 Ba6 12. Nd2 Nh5 13. Bg3 Nxg3 14. Bxh7+ Kh8
15. hxg3 f5 16. Bxf5+ Kg8 17. Bxe6+ Rf7 18. Qh7+ Kf8 19. Qh8# 1-0

[Event "43. Olimpiada Batumi 2018 Femenina"]
[Site "Batumi GEO"]
[Date "2018.10.03"]
[Round "9.1"]
[White "Nosimilo, Mkhonto"]
[Black "Caruana Pulpan, Oana"]
[Result "0-1"]
[WhiteElo "1372"]
[BlackElo "1863"]
[PlyCount "126"]
[EventDate "2018.09.24"]
[EventType "team-swiss"]
[EventRounds "11"]
[EventCountry "GEO"]
[SourceTitle "Ajedrez en Madrid"]
[Source "lmi"]
[SourceDate "2018.09.24"]
[WhiteTeam "Swaziland"]
[BlackTeam "Malta"]
[WhiteTeamCountry "SWA"]
[BlackTeamCountry "MLT"]

1. d4 f5 2. e3 Nf6 3. f4 d6 4. Nf3 g6 5. Bc4 e6 6. O-O Bg7 7. Nbd2 O-O 8. Ng5
Qe8 9. b3 h6 10. Ngf3 Kh7 11. Bb2 Nc6 12. a3 Nd8 13. Qe1 Ne4 14. Bd3 Nxd2 15.
Qxd2 Nc6 16. Qf2 Qe7 17. Qg3 Bd7 18. Rae1 e5 19. dxe5 dxe5 20. Bc4 exf4 21.
exf4 Qc5+ 22. Kh1 Bxb2 23. Nh4 Rf6 24. Rd1 Qe7 25. Rfe1 Qg7 26. Nf3 Rd6 27.
Rxd6 cxd6 28. b4 Bf6 29. b5 Nd4 30. Qf2 Nxf3 31. Qxf3 Re8 32. Rxe8 Bxe8 33. h3
Bf7 34. Bd3 d5 35. Qf2 Bd4 36. Qe1 Qf6 37. a4 Qe6 38. Qxe6 Bxe6 39. Kh2 Kg7 40.
Kg3 Be3 41. Kf3 Bg1 42. g4 Kf7 43. gxf5 Bxf5 44. Bxf5 gxf5 45. Kg3 Kf6 46. Kf3
d4 47. Ke2 Be3 48. Kf3 Bd2 49. Kg3 Ke6 50. Kh4 Bxf4 51. Kh5 Ke5 52. Kg6 Bd2 53.
Kh5 Ke4 54. Kg6 f4 55. Kxh6 f3+ 56. Kg6 f2 57. h4 f1=Q 58. h5 Qf5+ 59. Kg7 Ke5
60. h6 Qf6+ 61. Kh7 Qxh6+ 62. Kg8 Kf6 63. c3 Qg7# 0-1

[Event "43. Olimpiada Batumi 2018 Femenina"]
[Site "Batumi GEO"]
[Date "2018.10.03"]
[Round "9.2"]
[White "Thornton, Filipina"]
[Black "Dlamini, Temahlubi Queen"]
[Result "1-0"]
[WhiteElo "1712"]
[BlackElo "1362"]
[PlyCount "69"]
[EventDate "2018.09.24"]
[EventType "team-swiss"]
[EventRounds "11"]
[EventCountry "GEO"]
[SourceTitle "Ajedrez en Madrid"]
[Source "lmi"]
[SourceDate "2018.09.24"]
[WhiteTeam "Malta"]
[BlackTeam "Swaziland"]
[WhiteTeamCountry "MLT"]
[BlackTeamCountry "SWA"]

1. d4 d5 2. c4 dxc4 3. Nc3 c6 4. a4 Bd7 5. e3 b5 6. axb5 cxb5 7. Qf3 Nc6 8.
Nxb5 e6 9. Qg3 Bb4+ 10. Bd2 Bxd2+ 11. Kxd2 Kf8 12. Bxc4 Nf6 13. Qd6+ Kg8 14.
Qa3 a5 15. Nf3 Nb4 16. Rac1 g6 17. Ne5 Bxb5 18. Bxb5 Qd5 19. Bc6 Nxc6 20. Rxc6
Qxg2 21. Rhc1 Ne4+ 22. Kc2 Qxf2+ 23. Kb1 Kg7 24. Nxf7 a4 25. Rc7 Nd2+ 26. Ka2
Rhb8 27. Ne5+ Kg8 28. Ng4 Qh4 29. h3 Qg5 30. R1c2 Qd5+ 31. Ka1 Qh1+ 32. Rc1
Nb3+ 33. Kb1 Nxc1 34. Nf6+ Kh8 35. Rxh7# 1-0

[Event "43. Olimpiada Batumi 2018 Femenina"]
[Site "Batumi GEO"]
[Date "2018.10.03"]
[Round "9.3"]
[White "Dlamini, Nosipho"]
[Black "Psaila, Uranchimeg"]
[Result "1/2-1/2"]
[WhiteElo "1239"]
[BlackElo "1446"]
[PlyCount "73"]
[EventDate "2018.09.24"]
[EventType "team-swiss"]
[EventRounds "11"]
[EventCountry "GEO"]
[SourceTitle "Ajedrez en Madrid"]
[Source "lmi"]
[SourceDate "2018.09.24"]
[WhiteTeam "Swaziland"]
[BlackTeam "Malta"]
[WhiteTeamCountry "SWA"]
[BlackTeamCountry "MLT"]

1. d4 Nf6 2. Bf4 g6 3. Nf3 Bg7 4. e3 O-O 5. Bd3 d6 6. O-O Nbd7 7. h3 Nh5 8. Bh2
Re8 9. Nbd2 e5 10. c3 Qe7 11. e4 Nf4 12. Bxf4 exf4 13. Re1 Qd8 14. Nc4 b5 15.
Na5 a6 16. Nc6 Qf6 17. e5 dxe5 18. dxe5 Qe6 19. Ncd4 Qb6 20. Be4 Bb7 21. Bxb7
Qxb7 22. e6 fxe6 23. Nxe6 Nf6 24. Nxf4 Rxe1+ 25. Qxe1 Re8 26. Qd1 Qa7 27. Ng5
Qb8 28. Qb3+ Kh8 29. Nf7+ Kg8 30. Ng5+ Kh8 31. Nf7+ Kg8 32. Nh6+ Kh8 33. Nf7+
Kg8 34. Nh6+ Kh8 35. Nf7+ Kg8 36. Nh6+ Kh8 37. Nf7+ 1/2-1/2

[Event "43. Olimpiada Batumi 2018 Femenina"]
[Site "Batumi GEO"]
[Date "2018.10.04"]
[Round "10.1"]
[White "Ju, Wenjun"]
[Black "Zatonskih, Anna"]
[Result "1/2-1/2"]
[WhiteElo "2561"]
[BlackElo "2431"]
[PlyCount "62"]
[EventDate "2018.09.24"]
[EventType "team-swiss"]
[EventRounds "11"]
[EventCountry "GEO"]
[SourceTitle "Ajedrez en Madrid"]
[Source "lmi"]
[SourceDate "2018.09.24"]
[WhiteTeam "China"]
[BlackTeam "United States of America"]
[WhiteTeamCountry "CHN"]

1. d4 d5 2. c4 e6 3. Nf3 Nf6 4. g3 Be7 5. Bg2 O-O 6. O-O c6 7. Qd3 b6 8. Nc3
Bb7 9. Rd1 Nbd7 10. e4 dxe4 11. Nxe4 c5 12. Nxf6+ Nxf6 13. b3 Qc8 14. Bb2 Rd8
15. Qe2 cxd4 16. Bxd4 Bc6 17. Ne5 Bxg2 18. Kxg2 Nd7 19. Qf3 Nxe5 20. Bxe5 Qc5
21. Bd4 Qc7 22. Qg4 Bf8 23. Bb2 Rxd1 24. Rxd1 Rd8 25. Rxd8 Qxd8 26. Qe2 Qd7 27.
h4 f6 28. Qe4 Bc5 29. Bc3 a5 30. Qa8+ Kf7 31. Qe4 Kg8 1/2-1/2

[Event "43. Olimpiada Batumi 2018 Femenina"]
[Site "Batumi GEO"]
[Date "2018.10.04"]
[Round "10.2"]
[White "Krush, Irina"]
[Black "Huang, Qian"]
[Result "1/2-1/2"]
[WhiteElo "2423"]
[BlackElo "2446"]
[PlyCount "135"]
[EventDate "2018.09.24"]
[EventType "team-swiss"]
[EventRounds "11"]
[EventCountry "GEO"]
[SourceTitle "Ajedrez en Madrid"]
[Source "lmi"]
[SourceDate "2018.09.24"]
[WhiteTeam "United States of America"]
[BlackTeam "China"]
[BlackTeamCountry "CHN"]

1. c4 c5 2. Nf3 g6 3. d4 Bg7 4. e4 d6 5. d5 e5 6. dxe6 Bxe6 7. Nc3 Nf6 8. Be2
O-O 9. O-O Nc6 10. h3 a6 11. Bf4 Ne8 12. Qd2 Nd4 13. Nxd4 cxd4 14. Nd5 Bxd5 15.
exd5 Qb6 16. Bd3 Nf6 17. Rae1 Nd7 18. b3 a5 19. Bg5 Nc5 20. Re7 Qb4 21. Qxb4
axb4 22. Bb1 Rfe8 23. Rxe8+ Rxe8 24. Bd2 Na6 25. Re1 Rxe1+ 26. Bxe1 Bh6 27. Kf1
Kf8 28. Ke2 Ke7 29. Kd3 Bg7 30. g4 b6 31. f4 h6 32. h4 Bf6 33. g5 hxg5 34. hxg5
Bg7 35. Ke2 Kd8 36. Kf3 Bh8 37. f5 gxf5 38. Bxf5 Be5 39. Bd2 Bh2 40. Kg2 Be5
41. Kf3 Bh2 42. Ke2 Be5 43. Bd3 Kc7 44. c5 Nxc5 45. Bxb4 Bf4 46. g6 fxg6 47.
Bxg6 Nd7 48. Be8 Ne5 49. Bb5 Bc1 50. Kd1 Be3 51. Kc2 Bf2 52. Bd2 Bg3 53. a4 Kb7
54. Be2 Bf2 55. b4 Kc7 56. a5 bxa5 57. bxa5 Kb7 58. Bb4 Kc7 59. a6 d3+ 60. Bxd3
Nxd3 61. Kxd3 Kb6 62. Bxd6 Kxa6 63. Ke4 Kb7 64. Kf5 Kc8 65. Ke6 Be1 66. Bf4 Bb4
67. d6 Bxd6 68. Bxd6 1/2-1/2

[Event "43. Olimpiada Batumi 2018 Femenina"]
[Site "Batumi GEO"]
[Date "2018.10.04"]
[Round "10.3"]
[White "Lei, Tingjie"]
[Black "Abrahamyan, Tatev"]
[Result "1/2-1/2"]
[WhiteElo "2468"]
[BlackElo "2361"]
[PlyCount "227"]
[EventDate "2018.09.24"]
[EventType "team-swiss"]
[EventRounds "11"]
[EventCountry "GEO"]
[SourceTitle "Ajedrez en Madrid"]
[Source "lmi"]
[SourceDate "2018.09.24"]
[WhiteTeam "China"]
[BlackTeam "United States of America"]
[WhiteTeamCountry "CHN"]

1. e4 e6 2. d4 d5 3. Nc3 Bb4 4. e5 Qd7 5. a3 Bxc3+ 6. bxc3 b6 7. a4 Nc6 8. Bb5
Bb7 9. Ba3 a6 10. Bd3 O-O-O 11. Qe2 a5 12. Bb5 Nge7 13. Nf3 f5 14. c4 dxc4 15.
c3 h6 16. O-O-O Nd5 17. Qxc4 g5 18. Ne1 g4 19. Nd3 h5 20. Rd2 Rdg8 21. Re1 h4
22. g3 hxg3 23. hxg3 Rh2 24. Kc2 Rgh8 25. Ree2 Rh1 26. Kb3 Rb1+ 27. Kc2 Rbh1
28. Bb2 R8h3 29. Kb3 Rg1 30. Nf4 Rh6 31. Nd3 Rh3 32. Ka2 Rhh1 33. Rc2 Kb8 34.
Rc1 Rxc1 35. Bxc1 f4 36. gxf4 Qh7 37. Re1 Nce7 38. Rxh1 Qxh1 39. Kb2 Qf1 40.
Qb3 c6 41. Bc4 Ka7 42. Qc2 Nf5 43. Qd2 Bc8 44. Bb3 Ba6 45. c4 Nde7 46. Qc3 g3
47. fxg3 Nxg3 48. Ne1 Ne2 49. Qd2 Nxc1 50. Qxc1 Qf2+ 51. Kc3 Nf5 52. Nc2 Qf3+
53. Kb2 Qd3 54. c5 Nxd4 55. Nxd4 Qxd4+ 56. Qc3 Qxf4 57. Bxe6 Qxa4 58. Bb3 Qe4
59. e6 Bc8 60. Qg7+ Bb7 61. cxb6+ Kxb6 62. e7 Bc8 63. Qf8 Qe5+ 64. Ka2 Qh2+ 65.
Kb1 Qg1+ 66. Kc2 Qh2+ 67. Kd3 Bf5+ 68. Qxf5 Qd6+ 69. Kc2 Qxe7 70. Kb2 Qc5 71.
Qf4 Qe7 72. Qd4+ Kb7 73. Qf2 Qg7+ 74. Ka2 Qe7 75. Bc4 Qb4 76. Qe2 Qa4+ 77. Kb2
Qb4+ 78. Kc2 Qa4+ 79. Bb3 Qb4 80. Qe5 Qb5 81. Qe7+ Kb6 82. Qd8+ Kb7 83. Qd4 Qb4
84. Bc4 Qa4+ 85. Kd2 Qb4+ 86. Ke2 Qe7+ 87. Kf3 Qf8+ 88. Kg4 Qe7 89. Kf5 Qf8+
90. Kg6 Qe8+ 91. Bf7 Qe7 92. Kg7 Qc7 93. Kf6 Qb6 94. Qd3 Qb2+ 95. Ke6 Qb6 96.
Bg6 Qc7 97. Be4 Qc8+ 98. Kf7 Qc7+ 99. Kg6 Ka7 100. Qd4+ Kb7 101. Qc5 Qg3+ 102.
Kf5 Qc7 103. Qb5+ Qb6 104. Qd3 Qc7 105. Qc4 Qd7+ 106. Kf4 Qd6+ 107. Ke3 Qg3+
108. Bf3 Qe5+ 109. Kf2 Qb2+ 110. Be2 Qf6+ 111. Kg2 Qg5+ 112. Bg4 Qd5+ 113. Qxd5
cxd5 114. Bd1 1/2-1/2

[Event "43. Olimpiada Batumi 2018 Femenina"]
[Site "Batumi GEO"]
[Date "2018.10.04"]
[Round "10.4"]
[White "Yu, Jennifer"]
[Black "Zhai, Mo"]
[Result "1/2-1/2"]
[WhiteElo "2268"]
[BlackElo "2351"]
[PlyCount "61"]
[EventDate "2018.09.24"]
[EventType "team-swiss"]
[EventRounds "11"]
[EventCountry "GEO"]
[SourceTitle "Ajedrez en Madrid"]
[Source "lmi"]
[SourceDate "2018.09.24"]
[WhiteTeam "United States of America"]
[BlackTeam "China"]
[BlackTeamCountry "CHN"]

1. d4 d5 2. c4 dxc4 3. Nf3 a6 4. e3 b5 5. a4 Bb7 6. axb5 axb5 7. Rxa8 Bxa8 8.
b3 e6 9. bxc4 bxc4 10. Bxc4 Nf6 11. Nbd2 Nbd7 12. O-O Be7 13. Qc2 O-O 14. Bb2
c5 15. Ra1 Qc7 16. Be2 Rc8 17. h3 h6 18. dxc5 Qxc5 19. Qxc5 Bxc5 20. Ne5 Bb7
21. Rc1 Nxe5 22. Bxe5 Nd7 23. Bb2 Bb4 24. Rxc8+ Bxc8 25. Nf3 Bb7 26. Ne5 Nxe5
27. Bxe5 Bd5 28. Kf1 Kf8 29. Bd3 f6 30. Bb2 e5 31. e4 1/2-1/2

[Event "43. Olimpiada Batumi 2018 Femenina"]
[Site "Batumi GEO"]
[Date "2018.10.04"]
[Round "10.2"]
[White "Goryachkina, Aleksandra"]
[Black "Muzychuk, Mariya"]
[Result "1/2-1/2"]
[WhiteElo "2535"]
[BlackElo "2533"]
[PlyCount "87"]
[EventDate "2018.09.24"]
[EventType "team-swiss"]
[EventRounds "11"]
[EventCountry "GEO"]
[SourceTitle "Ajedrez en Madrid"]
[Source "lmi"]
[SourceDate "2018.09.24"]
[WhiteTeam "Russia"]
[BlackTeam "Ukraine"]
[WhiteTeamCountry "RUS"]
[BlackTeamCountry "UKR"]

1. Nf3 d5 2. e3 Nf6 3. c4 e6 4. Nc3 c6 5. b3 Nbd7 6. Bb2 Bd6 7. d4 O-O 8. Bd3
b6 9. O-O Bb7 10. Qe2 Qe7 11. Rad1 Rad8 12. e4 dxe4 13. Nxe4 Ba3 14. Ba1 Rfe8
15. Nxf6+ Nxf6 16. Ne5 c5 17. dxc5 Bxc5 18. Kh1 Rd6 19. Bc2 Red8 20. Rxd6 Rxd6
21. Bc3 a5 22. f3 h6 23. Rd1 Qd8 24. Rxd6 Qxd6 25. Qd3 Kf8 26. Qxd6+ Bxd6 27.
Kg1 Ke7 28. Kf2 g6 29. g4 h5 30. g5 Nd7 31. Nxd7 Kxd7 32. h4 e5 33. Ke2 Ke6 34.
Bd2 Bc5 35. Be3 f5 36. gxf6 Kxf6 37. Bg5+ Kf7 38. Bd8 Bc8 39. Be4 Bf5 40. Kd3
Ke6 41. Bg5 Kd6 42. Bd8 Kd7 43. Bg5 Kd6 44. Bd8 1/2-1/2

[Event "43. Olimpiada Batumi 2018 Femenina"]
[Site "Batumi GEO"]
[Date "2018.10.04"]
[Round "10.3"]
[White "Ushenina, Anna"]
[Black "Gunina, Valentina"]
[Result "1/2-1/2"]
[WhiteElo "2451"]
[BlackElo "2528"]
[PlyCount "76"]
[EventDate "2018.09.24"]
[EventType "team-swiss"]
[EventRounds "11"]
[EventCountry "GEO"]
[SourceTitle "Ajedrez en Madrid"]
[Source "lmi"]
[SourceDate "2018.09.24"]
[WhiteTeam "Ukraine"]
[BlackTeam "Russia"]
[WhiteTeamCountry "UKR"]
[BlackTeamCountry "RUS"]

1. d4 Nf6 2. c4 e6 3. Nf3 d5 4. Nc3 c5 5. cxd5 Nxd5 6. e4 Nxc3 7. bxc3 cxd4 8.
cxd4 Bb4+ 9. Bd2 Bxd2+ 10. Qxd2 O-O 11. Bc4 Nc6 12. O-O b6 13. Rfe1 Na5 14. Bd3
Bb7 15. d5 Rc8 16. dxe6 fxe6 17. Rad1 Rc5 18. Qe2 Qe7 19. a4 Kh8 20. Bb5 e5 21.
Rd7 Qf6 22. Red1 h6 23. h3 Qf4 24. Nd2 Rc3 25. Nc4 Bxe4 26. Nxa5 bxa5 27. Qg4
Qxg4 28. hxg4 a6 29. Bxa6 Bc6 30. Rd8 Kg8 31. Bb5 Bxb5 32. axb5 Rb3 33. R8d5
Rf4 34. Rxe5 Rxg4 35. Ra1 a4 36. Re8+ Kh7 37. Ra8 Rbb4 38. b6 Rxb6 1/2-1/2

[Event "43. Olimpiada Batumi 2018 Femenina"]
[Site "Batumi GEO"]
[Date "2018.10.04"]
[Round "10.4"]
[White "Girya, Olga"]
[Black "Zhukova, Natalia"]
[Result "1/2-1/2"]
[WhiteElo "2462"]
[BlackElo "2403"]
[PlyCount "85"]
[EventDate "2018.09.24"]
[EventType "team-swiss"]
[EventRounds "11"]
[EventCountry "GEO"]
[SourceTitle "Ajedrez en Madrid"]
[Source "lmi"]
[SourceDate "2018.09.24"]
[WhiteTeam "Russia"]
[BlackTeam "Ukraine"]
[WhiteTeamCountry "RUS"]
[BlackTeamCountry "UKR"]

1. d4 Nf6 2. Nf3 e6 3. c4 d5 4. Nc3 c5 5. cxd5 Nxd5 6. e4 Nxc3 7. bxc3 cxd4 8.
cxd4 Bb4+ 9. Bd2 Bxd2+ 10. Qxd2 O-O 11. Rc1 b6 12. Bd3 Bb7 13. Qe3 Nd7 14. e5
f6 15. O-O Kh8 16. Rfd1 Bxf3 17. Qxf3 fxe5 18. Qh3 h6 19. Qxe6 Rf6 20. Qd5 exd4
21. Be4 Rc8 22. Qxd4 Rxc1 23. Rxc1 Qe7 24. Rc8+ Nf8 25. Rd8 Rf4 26. f3 Rf6 27.
g3 Rf7 28. Rd6 Rf6 29. Rd8 Rf7 30. Kg2 Qf6 31. Qd5 g6 32. Rd6 Qb2+ 33. Kh3 Kg7
34. Qc6 Rf6 35. Bd5 Rxd6 36. Qxd6 Qf6 37. Qc7+ Kh8 38. g4 a5 39. Kg3 g5 40. Qb8
Kg7 41. Qc7+ Kh8 42. Qb8 Kg7 43. Qc7+ 1/2-1/2

[Event "43. Olimpiada Batumi 2018 Femenina"]
[Site "Batumi GEO"]
[Date "2018.10.04"]
[Round "10.1"]
[White "Mammadzada, Gunay"]
[Black "Danielian, Elina"]
[Result "1/2-1/2"]
[WhiteElo "2438"]
[BlackElo "2409"]
[PlyCount "118"]
[EventDate "2018.09.24"]
[EventType "team-swiss"]
[EventRounds "11"]
[EventCountry "GEO"]
[SourceTitle "Ajedrez en Madrid"]
[Source "lmi"]
[SourceDate "2018.09.24"]
[WhiteTeam "Azerbaijan"]
[BlackTeam "Armenia"]
[WhiteTeamCountry "AZE"]
[BlackTeamCountry "ARM"]

1. e4 e6 2. d4 d5 3. Nd2 c5 4. Ngf3 cxd4 5. Nxd4 Nc6 6. Bb5 Bd7 7. Nxc6 Bxc6 8.
Bxc6+ bxc6 9. c4 Rc8 10. O-O Nf6 11. Qa4 dxe4 12. Qxa7 Bd6 13. g3 Be5 14. Qe3
h5 15. Nxe4 h4 16. Qe2 hxg3 17. hxg3 c5 18. a4 Qa5 19. Re1 Rd8 20. Bd2 Qa8 21.
Bc3 Bxc3 22. bxc3 Ke7 23. Rab1 Rh5 24. a5 Rdh8 25. a6 Rh1+ 26. Kg2 Rxe1 27.
Rxe1 Nxe4 28. Qxe4 Qxe4+ 29. Rxe4 Ra8 30. Re5 Kd6 31. Rh5 Rxa6 32. Rh7 Ra3 33.
Rxg7 f6 34. Rf7 f5 35. g4 fxg4 36. Rf4 Rxc3 37. Rxg4 Ke5 38. Rg5+ Kd4 39. Rg4+
Kd3 40. Rg5 Rxc4 41. Re5 Rc1 42. Rxe6 c4 43. Kf3 c3 44. Rd6+ Kc2 45. Ke4 Rb1
46. Rc6 Kd2 47. f4 c2 48. f5 Rb4+ 49. Kd5 Rb5+ 50. Ke4 Rb4+ 51. Kd5 Rb5+ 52.
Ke4 Rb3 53. f6 Re3+ 54. Kd5 Rd3+ 55. Ke6 Re3+ 56. Kd7 Rf3 57. Rxc2+ Kxc2 58.
Ke7 Kd3 59. f7 Re3+ 1/2-1/2